00414nam a2200145Ia 4500020001800000082001800018245006000036260004800096300001600144650002000160650002700180650002500207650001700232700001900249 a0 52120 719 3 a382.0973 INT; 0aInternational trade and finance: frontiers for research aCambridgebCambridge University Pressc1975 axvii, 539p. aEconomic policy aLectures and lecturing aEconomic development aEconometrics aKenen, Peter B